000 01176nam a2200325 i 4500
001 13917
003 KOSZ 005
005 20200424113458.0
008 071222s1971 pl a f 001 0 pol
015 _aPB 1971/9582
040 _aWA N
_cWA N
_dKOSZ 005/EG
046 _k1971
080 _a621.82/.89
100 1 _aKornberger, Zbigniew
_d(1911-1975)
_eAutor
245 1 0 _aPrzekładnie ślimakowe :
_bkonstrukcja, wykonanie, sprawdzanie /
_cZbigniew Kornberger.
250 _aWydanie 2 przerobione i uaktualnione.
260 _aWarszawa :
_bWydawnictwa Naukowo-Techniczne,
_c1971.
300 _a373, [3] strony :
_bilustracje ;
_c25 cm.
336 _aTekst
_btxt
_2rdacontent
337 _aBez urządzenia pośredniczącego
_bn
_2rdamedia
338 _aWolumin
_bnc
_2rdacarrier
380 _aKsiążki.
388 _a1945-1989
504 _aBibliografia na stronach 364-[368]. Indeks.
658 _aInżynieria i technika
650 4 _aPrzekładnie ślimakowe
710 2 _aWydawnictwa Naukowo-Techniczne
_4pbl.
856 _uhttp://koha.tu.koszalin.pl/cgi-bin/koha/opac-detail.pl?biblionumber=13917
_yKatalog online BPK
942 _2UKD
_cKS
999 _c13917
_d13917